00341nam a2200133Ia 450000500170000000800410001702000180005808200210007610000190009724500290011626000400014530000130018544000090019820241108140014.0240126s9999 xx 000 0 und d a9789389520576 a394.12 SIN;1 R aSingh, Yogesh. 2aA culinary tour of India bI K IntelnationalaNew Delhic2019 axiv, 286 aNULL